Capitalism and peasant farming : (Record no. 391)
[ view plain ]
| 000 -LEADER | |
|---|---|
| fixed length control field | 00662cam a2200229 a 4500 |
| 001 - CONTROL NUMBER | |
| control field | 2821162 |
| 005 - DATE AND TIME OF LATEST TRANSACTION | |
| control field | 20240214055047.0 |
| 008 - FIXED-LENGTH DATA ELEMENTS--GENERAL INFORMATION | |
| fixed length control field | 831122s1982 ii a b 001 0 eng |
| 020 ## - INTERNATIONAL STANDARD BOOK NUMBER | |
| ISBN | 0195613406 : |
| 040 ## - CATALOGING SOURCE (பட்டியலாக்க மூலம்) | |
| Original cataloging agency | DLC |
| Transcribing agency | DLC |
| Modifying agency | DLC |
| 082 00 - DDC Classification | |
| Class No. | 307.76. |
| DDC Edition Number | 19 |
| Item Number - Author Mark | JOH. |
| 100 1# - MAIN ENTRY--PERSONAL NAME | |
| Personal name | Harriss, John. |
| 245 10 - TITLE STATEMENT | |
| Title | Capitalism and peasant farming : |
| Remainder of title | agrarian structure and ideology in northern Tamil Nadu / |
| Statement of responsibility, etc. | John Harriss. |
| 260 ## - PUBLICATION, DISTRIBUTION, ETC. | |
| Place of publication, distribution, etc. | Bombay : |
| Name of publisher, distributor, etc. | Oxford University Press, |
| Date of publication, distribution, etc. | 1982. |
| 300 ## - PHYSICAL DESCRIPTION | |
| Extent (e.g. Volumes, Pages etc.) | xviii, 358 p. : |
| 500 ## - GENERAL NOTE | |
| General note | Includes index. |
| 650 #0 - SUBJECT ADDED ENTRY--TOPICAL TERM | |
| Topical term or geographic name entry element | Agriculture |
| 650 #0 - SUBJECT ADDED ENTRY--TOPICAL TERM | |
| Topical term or geographic name entry element | Agriculture |
| 650 #0 - SUBJECT ADDED ENTRY--TOPICAL TERM | |
| Topical term or geographic name entry element | Agricultural productivity |
| 650 #0 - SUBJECT ADDED ENTRY--TOPICAL TERM | |
| Topical term or geographic name entry element | Peasants |
| 942 ## - Koha item type (Biblio) | |
| Koha item type | Books in Stacks (Lending) |
| Lost status | Damaged status | Collection code | Home library | Current library | Date acquired | Full call number | Accession Number | Item type |
|---|---|---|---|---|---|---|---|---|
| Lending | WERC Library | WERC Library | 02/14/2024 | 307.76. JOH. | 714 | Books in Stacks (Lending) |
